Catalog

Record Details

Catalog Search



Available copies

  • 1 of 1 copy available at LARL/NWRL Consortium.

Current holds

0 current holds with 1 total copy.

Show All Copies
Location Call Number / Copy Notes Barcode Shelving Location Status Due Date
Thief River Falls Public Library Guided Reading G-49 (Text) 35500003886726 Main Available -

Record details

  • ISBN: 1567668151 (library reinforced : alk. paper)
  • Physical Description: 24 p. : col. ill. ; 24 cm.
  • Publisher: Chanhassen, MN : Child's World, c2001.

Content descriptions

General Note:
"A level two reader."
Bibliography, etc. Note:
Includes bibliographical references (p. 22) and ... Read More
Summary, etc.:
Illustrations and simple text describe the fun a ... Read More
Subject: Cycling > Juvenile literature.
Bicycles and bicycling.
LDR 01249cam a22003134a 4500
00132437
003LARL_NWRL_CONSORTIUM
00520001102144130.0
008991116s2001 mnua b b 001 0 eng
020 . ‡a1567668151 (library reinforced : alk. paper)
035 . ‡a(OCoLC)42961241
03500. ‡ilcmarc/AYH-7590/KRLTECH
042 . ‡apcc ‡alcac
08200. ‡a796.6 ‡221
1001 . ‡aKlingel, Cynthia Fitterer. ‡0(LARL_NWRL_CONSORTIUM)88585
24510. ‡aBiking / ‡cby Cynthia Klingel and Robert B. Noyed.
260 . ‡aChanhassen, MN : ‡bChild's World, ‡cc2001.
300 . ‡a24 p. : ‡bcol. ill. ; ‡c24 cm.
500 . ‡a"A level two reader."
504 . ‡aIncludes bibliographical references (p. 22) and index.
520 . ‡aIllustrations and simple text describe the fun a child has riding a new bicycle.
650 0. ‡aCycling ‡vJuvenile literature. ‡0(LARL_NWRL_CONSORTIUM)164524
650 1. ‡aBicycles and bicycling. ‡0(LARL_NWRL_CONSORTIUM)175892
7001 . ‡aNoyed, Robert B. ‡0(LARL_NWRL_CONSORTIUM)128772
901 . ‡a32437 ‡bOCLC ‡c32437 ‡tbiblio

Additional Resources